University Home | Library Home | Institutional Repository

Claude Bernard and the experimental method in medicine. (Record no. 41278)

MARC details
000 -LEADER
fixed length control field 00887cam0a220021700 4500
001 - CONTROL NUMBER
control field qce00828758
005 - DATE AND TIME OF LATEST TRANSACTION
control field 20190813170508.0
008 - FIXED-LENGTH DATA ELEMENTS--GENERAL INFORMATION
fixed length control field 730206c19611952nyu eng u
035 ## - SYSTEM CONTROL NUMBER
System control number (Sirsi) r66196
035 ## - SYSTEM CONTROL NUMBER
System control number (QCAT)lss00381519
035 ## - SYSTEM CONTROL NUMBER
System control number (UPRA)qce00828758
040 ## - CATALOGING SOURCE
Modifying agency UPRA
100 1# - MAIN ENTRY--PERSONAL NAME
Personal name Olmsted, J. M. D. (James Montrose Duncan), 1886-1956.
Fuller form of name Olmsted, J. M. D. (James Montrose Duncan), 1886-1956.
Dates associated with a name Olmsted, J. M. D. (James Montrose Duncan), 1886-1956.
Linkage A26632.1
245 10 - TITLE STATEMENT
Title Claude Bernard and the experimental method in medicine.
260 ## - PUBLICATION, DISTRIBUTION, ETC.
Place of publication, distribution, etc. New York :
Name of publisher, distributor, etc. Collier Books,
Date of publication, distribution, etc. [1961, c1952]
490 0# - SERIES STATEMENT
Series statement Collier Books. Men of science library, BS31
Linkage S4883.1
504 ## - BIBLIOGRAPHY, ETC. NOTE
Bibliography, etc. note "Bibliographical references": p. 239-245.
600 10 - SUBJECT ADDED ENTRY--PERSONAL NAME
Personal name Bernard, Claude, 1813-1878.
Dates associated with a name Bernard, Claude, 1813-1878.
Linkage S19150.1
949 ## - LOCAL PROCESSING INFORMATION (OCLC)
a R154
w LC
i -88575
m MEDICAL
t BOOK
l ON-SHELF
Holdings
Withdrawn status Lost status Source of classification or shelving scheme Damaged status Not for loan Home library Current library Shelving location Total Checkouts Full call number Barcode Date last seen Copy number Price effective from Koha item type
    Library of Congress Classification     Medical Library Medical Library On Shelf   R154 -88575 08/13/2019 1 08/13/2019 Book
© 2026 - The University of Zambia Library - Koha v25.11